Poľnohospodári na európskom poli vstup do EÚ znamená zmeny vo výrobe i v predaji komodít
Organizačná štruktúra francúzskeho Národného medziodvetvového obilného úradu (ONIC) a britského Intervenčného úradu (IB). Skladovanie intervenčných zásob obilia vo Veľkej Británii. Odporúčania pre Slovensko, vyplývajúce z príkladu Francúzska a Veľkej Británie.
Na minha lista:
| Autor principal: | |
|---|---|
| Formato: | Livro |
| Idioma: | eslovaco |
| Assuntos: | |
| Tags: |
Sem tags, seja o primeiro a adicionar uma tag!
|
MARC
| LEADER | 00000nam a2200000 4500 | ||
|---|---|---|---|
| 001 | r031839 | ||
| 005 | 20230824094915.3 | ||
| 041 | 0 | |a slo | |
| 044 | |a SK | ||
| 245 | 1 | 0 | |a Poľnohospodári na európskom poli |b vstup do EÚ znamená zmeny vo výrobe i v predaji komodít |c Pavol Stehlo |
| 520 | |a Organizačná štruktúra francúzskeho Národného medziodvetvového obilného úradu (ONIC) a britského Intervenčného úradu (IB). Skladovanie intervenčných zásob obilia vo Veľkej Británii. Odporúčania pre Slovensko, vyplývajúce z príkladu Francúzska a Veľkej Británie. | ||
| 610 | 2 | 0 | |a poľnohospodárstvo |
| 610 | 2 | 0 | |a politika poľnohospodárska |
| 610 | 2 | 0 | |a komodity |
| 610 | 2 | 0 | |a obilniny |
| 610 | 2 | 0 | |a zásoby |
| 610 | 2 | 0 | |a skladovanie |
| 610 | 2 | 0 | |a Európska únia |
| 610 | 2 | 0 | |a Francúzsko |
| 610 | 2 | 0 | |a Veľká Británia |
| 610 | 2 | 0 | |a Slovensko |
| 100 | 1 | |a Stehlo, Pavol | |